[Event "Asia-ch"]
[Site "Al Ain"]
[Date "2025.05.14"]
[Round "8"]
[White "Ilkhomi, Jaloliddin"]
[Black "Abdulazizov, Asilbek"]
[Result "1-0"]
[WhiteElo "2272"]
[BlackElo "1759"]
[PlyCount "93"]
[EventDate "2025.05.07"]
[EventType "swiss"]
[EventRounds "9"]
[EventCountry "UAE"]
[SourceTitle "CB21_2025"]
[SourceDate "2025.05.21"]
[SourceVersion "1"]
[SourceVersionDate "2025.05.21"]
[SourceQuality "1"]

1. d4 Nf6 2. Bf4 d5 3. e3 c5 4. c3 Nc6 5. Nd2 Qb6 6. Qb3 c4 7. Qc2 g6 8. e4 e6 9. Ngf3 Bg7 10. Be2 Qd8 11. 0-0 0-0 12. b3 cxb3 13. axb3 dxe4 14. Nxe4 Nxe4 15. Qxe4 Qb6 16. b4 e5 17. Nxe5 Bf5 18. Qf3 Nxe5 19. dxe5 Rfe8 20. Ra5 Rac8 21. Be3 Qc7 22. Rxa7 Qxc3 23. Qxb7 Be6 24. Bg4 Qxe5 25. Bxe6 Qxe6 26. b5 Qc4 27. Qf3 Bd4 28. Rd7 Be5 29. b6 Qe6 30. Qd5 Qxd5 31. Rxd5 Bb8 32. g3 Rc6 33. Rb1 Kg7 34. Ra5 Bd6 35. b7 Bc7 36. Ra8 Rce6 37. Bf4 Bxf4 38. gxf4 Kf6 39. Rxe8 Rxe8 40. b8Q Rxb8 41. Rxb8 Kf5 42. Rb7 f6 43. Rxh7 Kxf4 44. h4 Kg4 45. Kg2 f5 46. f3+ Kf4 47. Rg7 1-0